000 00534nam a2200181Ia 4500
008 090124s9999 xx 000 0 und d
082 _b6265
_a640
100 _aगांधी महात्मा
245 _a अंहिसा दर्शन
250 _a1
260 _c1942
300 _a108
600 _aगांधी महात्मा
630 _a अंहिसा दर्शन
700 _aगांधी महात्मा
730 _a अंहिसा दर्शन
942 _cBOOK
999 _c120206
_d120206